000 02256cam a22003614i 4500
003 PE-LiUPU
005 20251002151917.0
008 2409s2024 mx a rb 000 0 spa d
020 _a9786070903403
035 _aPE-LiUPU000007
040 _aPE-LiUPU
_bspa
_cPE-LiUPU
_erda
082 0 4 _a346.01
_bR541i
_223
100 1 _aRico Álvarez, Fausto,
_eautor.
_97069
245 1 0 _aIntroducción al estudio del derecho civil y personas /
_cpor Fausto Rico Álvarez, Patricio Garza Bandala y Mischel Cohen Chicurel.
250 _aCuarta edición, décima reimpresión.
264 1 _aCiudad de México :
_bEditorial Porrúa,
_c2024.
300 _a365 páginas ;
_c24 cm.
336 _atext
_2rdacontent
337 _aunmediated
_2rdamedia
338 _avolume
_2rdacarrier
504 _aIncluye bibliografía.
505 0 _aEl concepto de derecho -- Clasificación del derecho en público, privado y social -- La norma jurídica -- El concepto de derecho civil -- Las fuentes del derecho civil -- Las manifestaciones legislativas del derecho civil en México -- Las disposiciones preliminares del Código Civil para el Distrito Federal -- El concepto de persona -- El estatus mínimo de la persona -- El concepto de persona física -- El nombre de las personas físicas -- El inicio de la persona física -- La capacidad de las personas físicas -- El domicilio de las personas físicas -- El patrimonio de las personas físicas -- El estado de las personas físicas -- La terminación de las personas físicas -- El registro civil -- Ausencia y presunción de muerte -- Los atributos de las personas morales -- El concepto, inicio y terminación de las personas morales -- Bibliografía.
650 1 4 _aDerecho civil
_xIntroducción.
_97078
650 2 4 _aDerecho civil
_xTeoría general.
_97079
650 2 4 _aPersonas (Derecho)
_zPerú.
_92480
700 _aGarza Bandala, Patricio,
_eautor.
_97070
700 _aCohen Chicurel, Mischel,
_eautor.
_97071
710 _aEditorial Porrúa,
_eeditor.
_97072
856 4 0 _uhttps://porrua.mx/
_zAcceso al sitio de la editorial.
942 _2ddc
_cBK
980 _621515
_aROMINA COBOS Adquisiciones
_818226
_gJaime Vilcazán Jefe de Análisis Documental
999 _c63090
_d63089